000 01228nam a2200385 c 4500
001 23454
003 ES-MaCES
005 20141221122839.0
008 101221s2010 sp t 000 | spa d
017 _aB 7253-2010
_bDL
020 _a9788423427635
035 _aCES20100010179m
040 _aES-MaCES
_bspa
_cES-MaCES
100 1 _aDans Pérez, Enrique
_910359
245 1 0 _aTodo va a cambiar
_b: tecnología y evolución : adaptarse o desaparecer
_cEnrique Dans ; [prólogo de vinton Cerf]
250 _a1ª ed
260 _a[Barcelona]
_bDeusto
_c2010
300 _a277 p.
_c24 cm
541 _cCompra
650 4 _atecnología
_928238
650 4 _aInternet
_930572
650 4 _atecnología de la información
_930104
650 4 _acambio tecnológico
_928236
650 4 _aevaluación del impacto
_930732
650 4 _acambio social
_927286
650 4 _acomportamiento del consumidor
_927903
650 4 _acompetitividad
_928270
650 4 _asector económico
_930015
653 1 0 _aTransporte-Comunicaciones
700 1 _aCerf, Vinton
_ecol.
_99423
710 2 _aUniversidad de Deusto
_eed.
_95271
902 _aLIB Libro
942 _2CES
_cBK
_h5.2.
999 _c23454
_d23454